guess the kpop idol & actor ! 2 - Statistics

General Stats
  • This quiz has been taken 84 times
  • The average score is 8 of 16
Answer Stats
Picture Answer % Correct
jihyo
84%
mingyu
84%
ningning
73%
minghao
69%
chaeyoung
66%
haewon
59%
hyein
58%
tzuyu
58%
joy
41%
yeri
41%
sunwoo
38%
woo seok
34%
juyeon
27%
seo joon
27%
do hyun
25%
hyun wook
23%
No matching quizzes found
Score Distribution
Percent of People with Each Score
Percentile by Number Answered
Your Score History
You have not taken this quiz